000 00647cam a22002413a 4500
001 29170
003 PGUSA
005 20140828083630.0
008 090619s2009||||xxu|||||s|||||000 1 eng d
040 _aPGUSA
_beng
042 _adc
050 4 _aPS
100 1 _aMiller, Walter M.,
_d1923-1996
245 1 4 _aThe Hoofer
_h[electronic resource] /
_cWalter M. Miller
260 _bProject Gutenberg,
_c2009
506 _aPublic domain in the USA.
516 _aElectronic text
653 _aShort stories
653 _aScience fiction
830 0 _aProject Gutenberg
_v29170
856 4 0 _uhttp://www.gutenberg.org/ebooks/29170
942 _cEB
999 _c258425
_d258425